Sports Quiz

Random Sports or NBA Quiz

NBA point leaders by year 2000-2011 Quiz Stats

Quiz not verified by Sporcle

Challenge
Share
Tweet
Embed
Score 0/110 Timer 10:00
0 Plays Today
Year Player % Correct
2000-01Kobe Bryant
99.1%
2001-02Kobe Bryant
99.1%
2002-03Kobe Bryant
99.1%
2004-05Kobe Bryant
99.1%
2005-06Kobe Bryant
99.1%
2006-07Kobe Bryant
99.1%
2007-08Kobe Bryant
99.1%
2008-09Kobe Bryant
99.1%
2009-10Kobe Bryant
99.1%
2010-11Kobe Bryant
99.1%
2003-04LeBron James
98.9%
2004-05LeBron James
98.9%
2005-06LeBron James
98.9%
2006-07LeBron James
98.9%
2007-08LeBron James
98.9%
2008-09LeBron James
98.9%
2009-10LeBron James
98.9%
2010-11LeBron James
98.9%
2000-01Shaquille O'Neal
98%
2001-02Shaquille O'Neal
98%
2002-03Shaquille O'Neal
98%
2004-05Dwayne Wade
97.4%
2005-06Dwayne Wade
97.4%
2008-09Dwayne Wade
97.4%
2009-10Dwayne Wade
97.4%
2010-11Dwayne Wade
97.4%
2008-09Kevin Durant
96.7%
2009-10Kevin Durant
96.7%
2010-11Kevin Durant
96.7%
2002-03Kevin Garnett
93.9%
2003-04Kevin Garnett
93.9%
2006-07Kevin Garnett
93.9%
2000-01Allen Iverson
93.7%
2001-02Allen Iverson
93.7%
2002-03Allen Iverson
93.7%
2004-05Allen Iverson
93.7%
2005-06Allen Iverson
93.7%
Year Player % Correct
2006-07Allen Iverson
93.7%
2007-08Allen Iverson
93.7%
2003-04Carmelo Anthony
93.2%
2005-06Carmelo Anthony
93.2%
2006-07Carmelo Anthony
93.2%
2007-08Carmelo Anthony
93.2%
2009-10Carmelo Anthony
93.2%
2010-11Carmelo Anthony
93.2%
2000-01Paul Pierce
92.6%
2001-02Paul Pierce
92.6%
2002-03Paul Pierce
92.6%
2003-04Paul Pierce
92.6%
2005-06Paul Pierce
92.6%
2001-02Tim Duncan
92.2%
2002-03Tim Duncan
92.2%
2000-01Tracy McGrady
91.7%
2001-02Tracy McGrady
91.7%
2002-03Tracy McGrady
91.7%
2003-04Tracy McGrady
91.7%
2004-05Tracy McGrady
91.7%
2006-07Tracy McGrady
91.7%
2001-02Dirk Nowitzki
90.6%
2002-03Dirk Nowitzki
90.6%
2003-04Dirk Nowitzki
90.6%
2004-05Dirk Nowitzki
90.6%
2005-06Dirk Nowitzki
90.6%
2006-07Dirk Nowitzki
90.6%
2007-08Dirk Nowitzki
90.6%
2008-09Dirk Nowitzki
90.6%
2009-10Dirk Nowitzki
90.6%
2004-05Ray Allen
89.8%
2005-06Ray Allen
89.8%
2000-01Vince Carter
88.5%
2003-04Vince Carter
88.5%
2004-05Vince Carter
88.5%
2006-07Vince Carter
88.5%
2004-05Amar'e Stoudemire
88.4%
Year Player % Correct
2007-08Amar'e Stoudemire
88.4%
2009-10Amar'e Stoudemire
88.4%
2010-11Amar'e Stoudemire
88.4%
2008-09Chris Bosh
82.8%
2009-10Chris Bosh
82.8%
2010-11Derrick Rose
82.8%
2008-09Chris Paul
78.7%
2007-08Joe Johnson
77.6%
2010-11Monta Ellis
75.4%
2001-02Karl Malone
74.5%
2004-05Gilbert Arenas
73.4%
2005-06Gilbert Arenas
73.4%
2006-07Gilbert Arenas
73.4%
2000-01Chris Webber
72.8%
2002-03Antawn Jamison
66.2%
2000-01Antawn Jamison
66.2%
2008-09Antawn Jamison
66.2%
2000-01Jerry Stackhouse
65.6%
2008-09Danny Granger
65.6%
2003-04Peja Stojakovic
64.7%
2010-11Kevin Martin
64%
2007-08Richard Jefferson
63.2%
2007-08Baron Davis
63%
2008-09Brandon Roy
61.7%
2010-11Blake Griffin
60.6%
2009-10Zach Randolph
60.3%
2009-10Stephen Jackson
59.1%
2003-04Stephon Marbury
58.8%
2001-02Gary Payton
57.5%
2000-01Antoine Walker
55.8%
2001-02Antoine Walker
55.8%
2003-04Michael Redd
55.5%
2005-06Michael Redd
55.5%
2007-08Jason Richardson
54%
2006-07Ben Gordon
48.1%
2002-03Allan Houston
47.7%

You're not logged in!

Compare scores with friends on all Sporcle quizzes.
Sign Up with Email
OR
Log In

You Might Also Like...

Show Comments

Extras

Top Quizzes Today


Score Distribution

Your Account Isn't Verified!

In order to create a playlist on Sporcle, you need to verify the email address you used during registration. Go to your Sporcle Settings to finish the process.